000 01190cam a22003251 4500
001 7962258
003 ARRUPE
005 20140410133941.0
008 720615s1960 nyu 000 0 eng
010 _a 61000471
035 _a(OCoLC)332537
040 _aDLC
_cOTifH
_dOCoLC
_dNBrockU
_dDLC
050 0 0 _aPG3245
_b.H6
082 _a891.723
100 1 _aHoughton, Norris,
_eed.
_99868
245 1 0 _aGreat Russian plays.
_cSelected and introduced by Norris Houghton.
260 _a[New York,
_bDell Pub. Co.,
_c1960]
300 _a511 p.
_c16 cm.
490 0 _aThe Laurel drama series,
_vLX123
505 0 _aThe inspector general, by N. Gogol.--A month in the country, by I. Turgenev.--The power of darkness, by L. Tolstoy.--The cherry orchard, by A. Chekhov.--The lower depths, by M. Gorky.--He who gets slapped, by L. Andreyev.
650 0 _aRussian drama
_xTranslations into English.
_99869
740 0 _aInspector general.
740 0 _aMonth in the country.
740 0 _aPower of darkness.
740 0 _aCherry orchard.
740 0 _aLower depths.
740 0 _aHe who gets slapped.
906 _a7
_bcbc
_coclcrpl
_du
_encip
_f19
_gy-gencatlg
942 _2lcc
_cMONOGRAPH
999 _c120408
_d120408